| 000 | 01459nam a2200361 a 4500 | ||
|---|---|---|---|
| 001 | ebr10513540 | ||
| 003 | CaPaEBR | ||
| 006 | m u | ||
| 007 | cr cn||||||||| | ||
| 008 | 110412s2012 maua sb 001 0 eng d | ||
| 010 | _z 2011010113 | ||
| 020 | _z9780262016582 (hardcover alk. paper) | ||
| 020 | _z9780262298452 (e-book) | ||
| 040 |
_aCaPaEBR _cCaPaEBR |
||
| 035 | _a(OCoLC)838805590 | ||
| 050 | 1 | 4 |
_aRG137.3 _b.T35 2012eb |
| 082 | 0 | 4 |
_a618.1/852 _222 |
| 100 | 1 |
_aTakeshita, Chikako, _d1963- |
|
| 245 | 1 | 4 |
_aThe global biopolitics of the IUD _h[electronic resource] : _bhow science constructs contraceptive users and women's bodies / _cChikako Takeshita. |
| 260 |
_aCambridge, Mass. : _bMIT Press, _cc2012. |
||
| 300 |
_axvi, 238 p. : _bill. |
||
| 490 | 1 | _aInside technology | |
| 504 | _aIncludes bibliographical references and index. | ||
| 533 |
_aElectronic reproduction. _bPalo Alto, Calif. : _cebrary, _d2013. _nAvailable via World Wide Web. _nAccess may be limited to ebrary affiliated libraries. |
||
| 650 | 0 | _aIntrauterine contraceptives. | |
| 650 | 0 | _aBiopolitics. | |
| 650 | 0 |
_aWomen _xHealth and hygiene _xPolitical aspects. |
|
| 650 | 0 |
_aWomen _xHealth and hygiene _xSocial aspects. |
|
| 655 | 7 |
_aElectronic books. _2local |
|
| 710 | 2 | _aebrary, Inc. | |
| 830 | 0 | _aInside technology. | |
| 856 | 4 | 0 |
_uhttp://site.ebrary.com/lib/rucke/Doc?id=10513540 _zAn electronic book accessible through the World Wide Web; click to view |
| 999 |
_c220087 _d220087 |
||